[Event "ESP-ch U18"]
[Site "Salobrena"]
[Date "2023.07.31"]
[Round "2"]
[White "Morales Carmona, Jose Manuel"]
[Black "Abrisqueta Zudaire, Leyre"]
[Result "1/2-1/2"]
[WhiteElo "1906"]
[BlackElo "2076"]
[PlyCount "87"]
[EventDate "2023.07.31"]
[EventType "swiss"]
[EventRounds "9"]
[EventCountry "ESP"]
[SourceTitle "CBM 215 Extra"]
[Source "ChessBase"]
[SourceDate "2023.09.30"]
[SourceVersion "1"]
[SourceVersionDate "2023.09.30"]
[SourceQuality "1"]

1. e4 c5 2. Nf3 Nc6 3. d4 cxd4 4. Nxd4 Nf6 5. Nc3 d6 6. h3 e5 7. Nde2 Be6 8. g4 d5 9. exd5 Nxd5 10. Bg2 Nxc3 11. Nxc3 Qxd1+ 12. Nxd1 Rd8 13. 0-0 Bc5 14. Be3 Bxe3 15. Nxe3 0-0 16. Bxc6 bxc6 17. Rad1 g6 18. b3 f5 19. gxf5 gxf5 20. Rfe1 Kf7 21. f3 h5 22. f4 exf4 23. Ng2 f3 24. Nf4 Bd5 25. Nxd5 Rxd5 26. Rxd5 cxd5 27. Re5 Rg8+ 28. Kf1 Kf6 29. Rxd5 Rg2 30. Rd7 Rxc2 31. Rxa7 Ke5 32. Ra4 Rb2 33. h4 f2 34. a3 f4 35. Kg2 Kf5 36. Ra8 Kg4 37. Rg8+ Kxh4 38. b4 Rb3 39. Kxf2 Rxa3 40. Rf8 Kg4 41. Rg8+ Kf5 42. Rf8+ Kg4 43. Rg8+ Kf5 44. Rf8+ 1/2-1/2

[Event "Wch U18 Girls"]
[Site "Mamaia"]
[Date "2022.09.15"]
[Round "10"]
[White "Abrisqueta Zudaire, Leyre"]
[Black "Eizaguerri Floris, Maria"]
[Result "1-0"]
[WhiteElo "2027"]
[BlackElo "2159"]
[PlyCount "87"]
[EventDate "2022.09.06"]
[EventType "swiss"]
[EventRounds "11"]
[EventCountry "ROU"]
[SourceTitle "CBM 210 Extra"]
[Source "ChessBase"]
[SourceDate "2022.11.30"]
[SourceVersion "1"]
[SourceVersionDate "2022.11.30"]
[SourceQuality "1"]

1. d4 d5 2. c4 e6 3. Nf3 Nf6 4. g3 Bb4+ 5. Bd2 Be7 6. Qc2 0-0 7. Bg2 c6 8. 0-0 Nbd7 9. b3 Re8 10. Bc3 b6 11. Nbd2 Bb7 12. Ne5 c5 13. e4 cxd4 14. Bxd4 Nxe5 15. Bxe5 Rc8 16. Rad1 Nd7 17. Bb2 dxc4 18. Nxc4 Qc7 19. Qe2 b5 20. Ne3 a6 21. Ng4 f6 22. Ne3 Bc5 23. Bd4 Bxd4 24. Rxd4 Nc5 25. Qg4 Rcd8 26. Rxd8 Qxd8 27. Rd1 Qc7 28. Qh5 Rc8 29. Rc1 Qe7 30. b4 Nd3 31. Rxc8+ Bxc8 32. a3 g6 33. Qe2 Ne5 34. f4 Nf7 35. Qc2 Bb7 36. Qc3 Qd8 37. h3 Kg7 38. Bf3 h5 39. Kf2 Qd6 40. e5 Qb6 41. exf6+ Kg8 42. Qd3 Kh7 43. Bxh5 Nh8 44. Qd7+ 1-0

[Event "ESP-chT CECLUB Div2"]
[Site "Linares"]
[Date "2021.08.09"]
[Round "1.7"]
[White "Sanleon Pravisano, Nieves"]
[Black "Abrisqueta Zudaire, Leyre"]
[Result "1/2-1/2"]
[WhiteElo "1864"]
[BlackElo "1800"]
[PlyCount "96"]
[EventDate "2021.08.09"]
[EventType "team-swiss"]
[EventRounds "7"]
[EventCountry "ESP"]
[SourceTitle "CBM 203 Extra"]
[Source "ChessBase"]
[SourceDate "2021.09.30"]
[SourceVersion "1"]
[SourceVersionDate "2021.09.30"]
[SourceQuality "1"]
[WhiteTeam "Xeraco CE"]
[BlackTeam "Oberena"]
[WhiteTeamCountry "ESP"]
[BlackTeamCountry "ESP"]

1. d4 d5 2. c4 e6 3. Nc3 c6 4. e3 Bd6 5. Bd3 f5 6. f4 Nf6 7. Nf3 Ne4 8. 0-0 0-0 9. Qc2 Nd7 10. Rb1 b6 11. b4 Bb7 12. Bd2 Rc8 13. Be1 Be7 14. Ne5 Ba8 15. Nxd7 Qxd7 16. c5 Rb8 17. Nxe4 fxe4 18. Be2 b5 19. Bg3 Bb7 20. a4 a6 21. Ra1 Ra8 22. Ra2 Bf6 23. axb5 axb5 24. Rfa1 Rxa2 25. Rxa2 Ra8 26. Rxa8+ Bxa8 27. Qa2 Bb7 28. Qa7 Bc8 29. Qa3 Qb7 30. h4 Bd7 31. Bf2 h6 32. h5 Be7 33. g4 Qc8 34. Kg2 e5 35. Kg3 Qd8 36. Kh3 Qe8 37. f5 Bf6 38. Bd1 Kh7 39. Be2 Qe7 40. Bd1 Be8 41. Be2 Qd7 42. Kg2 Qe7 43. Kh3 Bd7 44. Bd1 Be8 45. Be2 Kg8 46. Bd1 Kh8 47. Be2 Kh7 48. Bd1 Bd7 1/2-1/2

[Event "ESP-ch U18"]
[Site "Salobrena"]
[Date "2021.07.31"]
[Round "9"]
[White "Carbonell Sancho, Marc"]
[Black "Abrisqueta Zudaire, Leyre"]
[Result "1-0"]
[WhiteElo "2270"]
[BlackElo "1905"]
[PlyCount "83"]
[EventDate "2021.07.26"]
[EventType "swiss"]
[EventRounds "9"]
[EventCountry "ESP"]
[SourceTitle "CBM 203 Extra"]
[Source "ChessBase"]
[SourceDate "2021.09.30"]
[SourceVersion "1"]
[SourceVersionDate "2021.09.30"]
[SourceQuality "1"]

1. e4 c5 2. Nf3 Nc6 3. d4 cxd4 4. Nxd4 Nf6 5. Nc3 e6 6. Ndb5 d6 7. Bf4 e5 8. Bg5 a6 9. Na3 Be6 10. Nc4 Rb8 11. g3 Be7 12. Bxf6 gxf6 13. Ne3 Qd7 14. Ncd5 h5 15. h4 Nd4 16. c3 Nb5 17. Be2 Nc7 18. Bxh5 Nxd5 19. exd5 Bf5 20. Bg4 Bxg4 21. Qxg4 Qxg4 22. Nxg4 f5 23. Ne3 f4 24. Nf5 fxg3 25. fxg3 Kd7 26. Ke2 b5 27. Kf3 Bf6 28. g4 Rhc8 29. g5 Bh8 30. h5 b4 31. Rac1 Rc4 32. Rh4 Rc5 33. c4 b3 34. axb3 Rxb3+ 35. Ke4 Rb4 36. b3 Rxb3 37. g6 fxg6 38. hxg6 Bf6 39. Rh7+ Ke8 40. g7 Bxg7 41. Nxg7+ Kf7 42. Ne6+ 1-0

[Event "ESP-ch U18"]
[Site "Salobrena"]
[Date "2021.07.27"]
[Round "3"]
[White "Fernandez Garcia, Gumersindo"]
[Black "Abrisqueta Zudaire, Leyre"]
[Result "1-0"]
[WhiteElo "2145"]
[BlackElo "1905"]
[PlyCount "91"]
[EventDate "2021.07.26"]
[EventType "swiss"]
[EventRounds "9"]
[EventCountry "ESP"]
[SourceTitle "CBM 203 Extra"]
[Source "ChessBase"]
[SourceDate "2021.09.30"]
[SourceVersion "1"]
[SourceVersionDate "2021.09.30"]
[SourceQuality "1"]

1. Nf3 d5 2. e3 e6 3. c4 c6 4. b3 Nd7 5. Bb2 Ngf6 6. Nc3 Bd6 7. d4 Qe7 8. Bd3 dxc4 9. Bxc4 e5 10. Qc2 0-0 11. 0-0-0 b5 12. Bd3 Ba3 13. dxe5 Bxb2+ 14. Qxb2 Nxe5 15. Nxe5 Qxe5 16. Ne4 Ng4 17. h3 Qxb2+ 18. Kxb2 Ne5 19. Be2 Be6 20. Nc5 Rad8 21. f4 Ng6 22. Bf3 Ne7 23. e4 a5 24. g4 a4 25. f5 Bc8 26. e5 axb3 27. axb3 Nd5 28. Bxd5 Rxd5 29. Rxd5 cxd5 30. Kc3 g6 31. Rf1 Re8 32. Kd4 Rd8 33. b4 Kg7 34. e6 fxe6 35. Nxe6+ Bxe6 36. fxe6 h5 37. g5 Re8 38. Kxd5 Rd8+ 39. Ke5 h4 40. Rf7+ Kg8 41. Kf6 Rd6 42. Rb7 Rd8 43. Rg7+ Kh8 44. Rd7 Re8 45. e7 Kh7 46. Ke6 1-0

[Event "ESP-chT Regional U16"]
[Site "Gijon"]
[Date "2021.06.20"]
[Round "6.1"]
[White "Cesar Maestre, Bernardo"]
[Black "Abrisqueta Zudaire, Leyre"]
[Result "1-0"]
[WhiteElo "2267"]
[BlackElo "1999"]
[PlyCount "190"]
[EventDate "2021.06.17"]
[EventType "team-swiss"]
[EventRounds "6"]
[EventCountry "ESP"]
[SourceTitle "EXT 2022"]
[Source "ChessBase"]
[SourceDate "2021.10.06"]
[SourceVersion "1"]
[SourceVersionDate "2021.10.06"]
[SourceQuality "1"]
[WhiteTeam "Andalucia U16"]
[BlackTeam "Navarra U16"]
[WhiteTeamCountry "ESP"]
[BlackTeamCountry "ESP"]

1. e4 c5 2. Nf3 Nc6 3. Bb5 d6 4. 0-0 e5 5. c3 f5 6. exf5 Be7 7. d4 e4 8. Ng5 Bxf5 9. d5 a6 10. dxc6 axb5 11. cxb7 Rb8 12. Qd5 Bxg5 13. Qxf5 Bxc1 14. Qxe4+ Qe7 15. Qxe7+ Nxe7 16. Rxc1 Rxb7 17. Nd2 Kd7 18. Re1 Kc6 19. Rad1 Rd7 20. f3 Ra8 21. a3 Ng6 22. Ne4 Ne5 23. Ng3 Rf8 24. Nf1 c4 25. Re2 Nd3 26. Rdd2 h5 27. h3 h4 28. Re4 g5 29. Nh2 Rff7 30. Ng4 Rde7 31. Nf2 Ne5 32. Kf1 d5 33. Ree2 Kc5 34. Rd4 Ng6 35. b4+ Kc6 36. Ra2 Ra7 37. Rg4 Rf5 38. Nd1 Re5 39. Nb2 Rae7 40. Kg1 Nf4 41. Kh2 Re2 42. Rxg5 Nd3 43. Nxd3 Rxa2 44. Rg6+ Kc7 45. Nf4 Re5 46. Ne6+ Kc8 47. Nd4 Rxa3 48. Nxb5 Ra1 49. Rh6 Rg5 50. Rxh4 Kb7 51. Nd4 Rc1 52. Rh7+ Kb6 53. Rh6+ Kb7 54. Rh7+ Kc8 55. f4 Rg6 56. f5 Rf6 57. Nb5 Rb6 58. Rc7+ Kd8 59. Rc5 Rd1 60. g4 Rd3 61. Nd4 Rh6 62. Rxd5+ Ke8 63. Re5+ Kf7 64. Ne2 Rhxh3+ 65. Kg2 Rh4 66. Re4 Kg7 67. Rxc4 Re3 68. Kf2 Rd3 69. Rd4 Rh2+ 70. Kg1 Rdh3 71. Re4 Rh1+ 72. Kf2 R1h2+ 73. Ke1 Rh1+ 74. Kd2 Ra1 75. Re3 Rh4 76. Rg3 Rh2 77. Re3 Rh4 78. Nd4 Rxg4 79. Kd3 Kf6 80. Kc4 Ra8 81. b5 Rgg8 82. Re6+ Kf7 83. Kb4 Rgd8 84. Re4 Kf6 85. c4 Ra1 86. Re6+ Kf7 87. Nc6 Rc8 88. Kc5 Rb1 89. b6 Kf8 90. Rd6 Ke8 91. Rh6 Kf7 92. Rh7+ Kg8 93. Rc7 Re8 94. b7 Kf8 95. f6 Rd8 1-0

[Event "ESP-chT Regional U16"]
[Site "Gijon"]
[Date "2021.06.17"]
[Round "2.1"]
[White "Luque Saiz, Andres"]
[Black "Abrisqueta Zudaire, Leyre"]
[Result "1-0"]
[WhiteElo "2220"]
[BlackElo "1999"]
[PlyCount "173"]
[EventDate "2021.06.17"]
[EventType "team-swiss"]
[EventRounds "6"]
[EventCountry "ESP"]
[SourceTitle "EXT 2022"]
[Source "ChessBase"]
[SourceDate "2021.10.06"]
[SourceVersion "1"]
[SourceVersionDate "2021.10.06"]
[SourceQuality "1"]
[WhiteTeam "Valencia U16"]
[BlackTeam "Navarra U16"]
[WhiteTeamCountry "ESP"]
[BlackTeamCountry "ESP"]

1. e4 c5 2. Nf3 e6 3. d4 cxd4 4. Nxd4 Nf6 5. Nc3 Nc6 6. g3 d5 7. Bg2 Bb4 8. 0-0 0-0 9. exd5 exd5 10. Nce2 Bg4 11. Nf3 h6 12. c3 Bc5 13. h3 Bf5 14. Ned4 Be4 15. Be3 Bb6 16. Re1 Re8 17. Nb3 Bc7 18. Nc5 Qc8 19. Nxe4 dxe4 20. Nd2 Qf5 21. Qc2 Re6 22. Nb3 Rae8 23. Re2 Bb6 24. Bxb6 axb6 25. Rae1 Qh5 26. Re3 Ne5 27. Nd2 Nd3 28. R1e2 Nc5 29. c4 Qf5 30. b4 Nd3 31. a3 Ne5 32. g4 Qf4 33. Nxe4 Nxe4 34. Rxe4 Nf3+ 35. Bxf3 Qxf3 36. Rxe6 Rxe6 37. Rxe6 fxe6 38. a4 Qxh3 39. Qe4 e5 40. Qd5+ Kh8 41. Qd8+ Kh7 42. Qd7 Qb3 43. Qxb7 Qxb4 44. Qe4+ Kh8 45. Qc6 Qb3 46. Kg2 e4 47. Qe8+ Kh7 48. Qxe4+ Kh8 49. Qc6 Qd1 50. f3 Qe2+ 51. Kg3 Qe5+ 52. Kf2 Qd4+ 53. Ke2 Qb2+ 54. Ke3 Qe5+ 55. Kd3 Qb2 56. Ke4 Qc3 57. Kf5 Kh7 58. Ke6 Qf6+ 59. Kd7 Qf7+ 60. Kc8 Qa7 61. f4 Qa6+ 62. Kd7 Qa7+ 63. Ke6 Kg8 64. f5 Qf7+ 65. Kd6 Kh8 66. Qc8+ Kh7 67. Qe6 Qf8+ 68. Kc7 Qc5+ 69. Kb7 Qd4 70. Qd5 Qe3 71. Ka6 Qb3 72. Qb5 Qf3 73. Qxb6 Qa8+ 74. Kb5 Qe8+ 75. Kb4 Qe1+ 76. Kb5 Qb1+ 77. Ka6 Qc2 78. Qc6 Qe2 79. a5 Qe3 80. c5 Qd3+ 81. Ka7 Qd8 82. a6 Qe7+ 83. Kb8 Qe5+ 84. Kc8 Qe7 85. Qg6+ Kh8 86. Qd6 Qe8+ 87. Qd8 1-0

[Event "ESP-ch 85th"]
[Site "Linares"]
[Date "2020.08.31"]
[Round "1"]
[White "Abrisqueta Zudaire, Leyre"]
[Black "Valmana Canto, Jaime"]
[Result "0-1"]
[WhiteElo "2049"]
[BlackElo "2430"]
[PlyCount "102"]
[EventDate "2020.08.31"]
[EventType "swiss"]
[EventRounds "9"]
[EventCountry "ESP"]
[SourceTitle "EXT 2021"]
[Source "ChessBase"]
[SourceDate "2020.10.23"]
[SourceVersion "1"]
[SourceVersionDate "2020.10.23"]
[SourceQuality "1"]

1. d4 Nf6 2. Nf3 d6 3. Nc3 Bf5 4. g3 Ne4 5. Nxe4 Bxe4 6. Bh3 e6 7. 0-0 Bxf3 8. exf3 d5 9. Qe2 Nc6 10. c3 Be7 11. f4 g6 12. Be3 0-0 13. Rae1 Re8 14. Qf3 Na5 15. b3 b6 16. g4 f5 17. Bc1 Qd7 18. Re3 Bf6 19. Rfe1 Kf7 20. Bg2 c6 21. Ba3 Nb7 22. Qh3 Kg7 23. g5 Be7 24. Bxe7 Rxe7 25. Re5 Nd6 26. Qd3 Nf7 27. R5e2 h6 28. Qg3 Rh8 29. gxh6+ Nxh6 30. Bf3 Ng8 31. Kg2 Nf6 32. Rg1 Ree8 33. Ree1 Rh6 34. Rh1 Reh8 35. h3 Rh4 36. Re5 Kf7 37. Kf1 Qd6 38. Ke2 Nd7 39. Bg2 Qa3 40. Kd3 Qa6+ 41. Ke3 Qxa2 42. Kd3 Qa6+ 43. Kd2 Nxe5 44. fxe5 Qb7 45. Ra1 a5 46. b4 axb4 47. Ra4 bxc3+ 48. Qxc3 Ra8 49. Rb4 Ra2+ 50. Ke3 Qa6 51. Qe1 Qa3+ 0-1

[Event "Euskadi-ch (Women)"]
[Site "Vitoria Gasteiz"]
[Date "2019.06.09"]
[Round "5"]
[White "Abrisqueta Zudaire, Leyre"]
[Black "Barrio Ugidos, Ainhoa"]
[Result "1/2-1/2"]
[WhiteElo "2025"]
[BlackElo "1855"]
[PlyCount "38"]
[EventDate "2019.06.08"]
[EventType "swiss"]
[EventRounds "5"]
[EventCountry "ESP"]
[SourceTitle "EXT 2020"]
[Source "ChessBase"]
[SourceDate "2019.10.17"]
[SourceVersion "1"]
[SourceVersionDate "2019.10.17"]
[SourceQuality "1"]

1. d4 Nf6 2. Nf3 e6 3. e3 c5 4. c3 b6 5. Bd3 Bb7 6. Nbd2 Be7 7. 0-0 0-0 8. Qe2 d6 9. e4 Nbd7 10. e5 dxe5 11. dxe5 Ng4 12. Bc2 Qc7 13. Re1 Rad8 14. h3 Nh6 15. Nc4 Nf5 16. Bf4 b5 17. Ncd2 a6 18. Ne4 c4 19. Rad1 Nc5 1/2-1/2